| 000 | 01625nam a22004097a 4500 | ||
|---|---|---|---|
| 001 | 420 | ||
| 003 | FISKH | ||
| 005 | 20230411150850.0 | ||
| 008 | 230411b cb ||||| |||| 00| 0 eng d | ||
| 020 | _a0060292539 | ||
| 020 | _a9780439653572 | ||
| 020 | _a0060292547 | ||
| 040 |
_aDLC _cDLC _dDLC _dFISKH _beng |
||
| 042 | _alcac | ||
| 050 | 0 | 0 |
_aPZ7.G9846 _b2002 |
| 082 | 0 | 0 |
_a796.357083 _221 |
| 100 | 1 | _aGutman, Dan. | |
| 245 | 1 | 0 |
_aShoeless Joe & me : _ba baseball card adventure / _cDan Gutman. |
| 246 | 3 | _aShoeless Joe and me | |
| 260 |
_aNew York : _bScholastic. _c2002. |
||
| 300 |
_aix, 163 pages. : _bill. ; _c20 cm. |
||
| 505 | _aK | ||
| 520 | _aJoe Stoshack travels back to 1919, where he meets Shoeless Joe Jackson and tries to prevent the fixing of the World Series in which Jackson was wrongly implicated. | ||
| 521 | 8 |
_a600
_bLexile |
|
| 521 | 8 |
_aK
_bRaz-Plus |
|
| 600 | 1 | 0 |
_aJackson, Joe, _d1888-1951 _vJuvenile fiction. |
| 600 | 1 | 1 |
_aJackson, Joe, _d1888-1951 _vFiction. |
| 610 | 2 | 1 |
_aChicago White Sox (Baseball team) _xHistory _vFiction. |
| 650 | 1 |
_aTime travel _vFiction. |
|
| 650 | 1 |
_aBaseball _vFiction. |
|
| 650 | 1 |
_aBaseball cards _vFiction. |
|
| 856 | 4 | 2 |
_3Publisher description _uhttp://www.loc.gov/catdir/description/hc043/2001024638.html |
| 856 | 4 | 2 |
_3Contributor biographical information _uhttp://www.loc.gov/catdir/enhancements/fy0910/2001024638-b.html |
| 906 |
_a7 _bcbc _corignew _d1 _eocip _f20 _gy-gencatlg |
||
| 942 |
_2ddc _cBK _n0 |
||
| 999 |
_c420 _d420 |
||